000 00541nam a2200217 i 4500
001 bg
100 1 _aMASŁOWSKI, Krzysztof
245 0 _aMS Office PL dla Windows 95 /
_cKrzysztof Masłowski.
260 _aWarszawa :
_b"Hel"p,
_c1997.
300 _a351 s. :
_bil. ;
_c24 cm.
504 _aIndeks.
650 9 _aMicrosoft Office
655 _aPodręczniki
020 _a8387211028
040 _cBPK
041 0 _apl
080 _a004.42(07)
920 _a83-87211-02-8
942 _cKS
008 s pl f |000 0 pol
999 _c39495
_d39495
856 _uhttp://koha.tu.koszalin.pl/cgi-bin/koha/opac-detail.pl?biblionumber=39495
_yKatalog online BPK